| 000 | 01012nam a2200241 a 4500 | ||
|---|---|---|---|
| 001 | BRCA_1258 | ||
| 005 | 20190320203342.0 | ||
| 008 | 300805s1998----mx-a---###---#000-0#spa-# | ||
| 020 | _a9687646772 | ||
| 050 | 4 |
_aNK4031 _b.S65 1998 |
|
| 245 | 1 | 0 |
_aSolo un guiño _bescultura mexicana en cerámica _ccuraduría, coordinadión y textos Ingrid Suckaer ; traducción Eric Hamovitch, Olivia Bravo ; fotografía Cristina y Guillermo Kahlo. |
| 260 |
_aMéxico _bPraxis _c1998 |
||
| 300 |
_a146 p. _bil. a color _c21 cm. |
||
| 500 | _aCatálogo de la exposición realizada en el Padrão dos Descobrimentos (Lisboa), en el marco de la presencia de México en Expo Lisboa ´98, 6-30 agosto, 1998 | ||
| 500 | _aIncluye lista de obra | ||
| 650 | 1 | 4 |
_aEscultura mexicana _92432 |
| 650 | 1 | 4 |
_aEscultura moderna _ySiglo XX _zMéxico _94143 |
| 650 | 1 | 4 |
_aEscultura en cerámica _ySiglo XX _zMéxico _94144 |
| 700 | 1 |
_aSuckaer, Ingrid _94145 |
|
| 700 | 1 |
_aHamovitch, Eric _94146 |
|
| 700 | 1 |
_aBravo, Olivia _94147 |
|
| 942 |
_2lcc _cB |
||
| 999 |
_c1127 _d1127 |
||